Open Data Biblioteca Nacional de Portugal


República Portuguesa: Ministério da Cultura
Biblioteca Nacional de Portugal

Catálogo da BNP: acesso por Identificadores Unívocos
Registos Bibliográficos associados ao registo de autoridade

Etiqueta de registo: 00254nam 2200025 450
001 2284684
003 http://id.bnportugal.gov.pt/bib/catbnp/2284684
100 ## $a20260417d2025 k y0pory01030103ba
101 0# $aeng
102 ## $aPT
105 ## $aa m 000yy
106 ## $ar
200 1# $aAdvanced machine learning for building energy and efficiency$eintegrating predictive models and optimization techniques for smarter energy management and strategic decisions$fFernando Pedro Silva Almeida$gsupervisor Mauro Castelli, Nadine Côrte-Real
210 #9 $aLisboa$c[s.n.],$d2025
215 ## $aXVIII, 123 p.$cil.$d30 cm
328 #1 $aTese dout. Information Management, Instituto Superior de Estatística e Gestão de Informação, Universidade Nova de Lisboa, 2025
675 ## $a004.85(043)$vBN$zpor$31239009
700 #1 $aAlmeida,$bFernando Pedro Silva$31996180
702 #1 $aCastelli,$bMauro$4727$31629260
702 #1 $aGuimarães,$bNadine Côrte-Real de Mesquita$4727$31822199
801 #0 $aPT$bBN$gRPC
966 ## $lBN$mFGMON$sP. 72598 V.$x1
971 ## $cabrito$d20260417
973 ## $cigoulao$d20260421

OpendataBNP@bnportugal.pt | Mais informação sobre acesso aos dados BNP